Medzinárodný platobný styk, menové transakcie a zabezpečenie kurzovo-menových rizík v medzinárodnom obchode diplomová práca

Saved in:
Bibliographic Details
Main Author: Anettová, Adriána
Corporate Author: Obchodná fakulta EU. Katedra medzinárodného obchodu
Other Authors: Pavelka, Ľuboš, 1962-
Format: Book
Language:Slovak
Published: Bratislava 2023
Tags: Add Tag
No Tags, Be the first to tag this record!

MARC

LEADER 00000nbm a2200000 4500
001 0295986
005 20240212093501.2
041 0 |a slo 
044 |a SK 
245 1 0 |a Medzinárodný platobný styk, menové transakcie a zabezpečenie kurzovo-menových rizík v medzinárodnom obchode  |b diplomová práca  |c Adriána Anettová ; školiteľ: Ľuboš Pavelka 
264 1 |a Bratislava  |c 2023 
300 |a 67 s. 
100 1 |a Anettová, Adriána 
700 1 |a Pavelka, Ľuboš, 1962- 
710 2 |a Obchodná fakulta EU. Katedra medzinárodného obchodu